<?xml version="1.0" encoding="UTF-8"?><?xml-stylesheet type="text/xsl" href="static/style.xsl"?><OAI-PMH xmlns="http://www.openarchives.org/OAI/2.0/" xmlns:xsi="http://www.w3.org/2001/XMLSchema-instance" xsi:schemaLocation="http://www.openarchives.org/OAI/2.0/ http://www.openarchives.org/OAI/2.0/OAI-PMH.xsd"><responseDate>2026-04-14T03:13:29Z</responseDate><request verb="GetRecord" identifier="oai:www.recercat.cat:2072/424427" metadataPrefix="marc">https://recercat.cat/oai/request</request><GetRecord><record><header><identifier>oai:recercat.cat:2072/424427</identifier><datestamp>2025-09-08T18:44:21Z</datestamp><setSpec>com_2072_98</setSpec><setSpec>col_2072_378197</setSpec></header><metadata><record xmlns="http://www.loc.gov/MARC21/slim" xmlns:dcterms="http://purl.org/dc/terms/" xmlns:xsi="http://www.w3.org/2001/XMLSchema-instance" xmlns:doc="http://www.lyncode.com/xoai" xsi:schemaLocation="http://www.loc.gov/MARC21/slim http://www.loc.gov/standards/marcxml/schema/MARC21slim.xsd">
   <leader>00925njm 22002777a 4500</leader>
   <datafield ind2=" " ind1=" " tag="042">
      <subfield code="a">dc</subfield>
   </datafield>
   <datafield ind2=" " ind1=" " tag="720">
      <subfield code="a">Puig Lobató, Josep M.</subfield>
      <subfield code="e">author</subfield>
   </datafield>
   <datafield ind2=" " ind1=" " tag="260">
      <subfield code="c">2010</subfield>
   </datafield>
   <datafield ind2=" " ind1=" " tag="520">
      <subfield code="a">A partir dels Jocs de Los Ángeles'84, el Moviment Olímpic té el control directe dels programes de màrqueting olímpic. Aquests acords comercials han permès ampliar la magnitud dels Jocs Olímpics, que han experimentat un creixement accelerat tant en número d'atletes com en països competidors i disciplines olímpiques. Actualment, els programes de màrqueting olímpic compten amb quatre fonts principals de finançament (els drets de televisió, els programes de patrocini, les entrades i les llicències olímpiques) que, juntament als programes TOP (The Olympic Partners), asseguren la viabilitat i el creixement dels Jocs Olímpics. La lliçó ofereix una visió històrica d'aquests programes i planteja alguns reptes en el context de l'era digital.</subfield>
   </datafield>
   <datafield ind2=" " ind1=" " tag="520">
      <subfield code="a">A partir de los Juegos de Los Ángeles'84, el Movimiento Olímpico tiene el control directo de los programas de marketing olímpico. Estos acuerdos comerciales han permitido ampliar la magnitud de los Juegos Olímpicos, que han experimentado un crecimiento acelerado tanto en número de atletas como en países competidores y disciplinas olímpicas. Actualmente, los programas de marketing olímpico cuentan con cuatro fuentes principales de financiación (los derechos de televisión, los programas de patrocinio, las entradas y las licencias olímpico) que, junto a los programas TOP (The Olympic Partners), aseguran la viabilidad y el crecimiento de los Juegos Olímpicos. La lección ofrece una visión histórica de estos programas y plantea algunos retos en el contexto de la era digital.</subfield>
   </datafield>
   <datafield ind2=" " ind1=" " tag="520">
      <subfield code="a">Since the Olympic Games Los Angeles'84, the Olympic Movement has a direct control over the Olympic marketing programmes. These commercial agreements have made possible the increase of the Olympic Games in terms of magnitude, which have experienced an accelerated growth in the number of participating athletes and countries, as well as Olympic disciplines. Olympic marketing programs have four main sources of income (television rights, sponsorship programmes, ticket sales and Olympic licences) which, together with the TOP programmes (The Olympic Partners), ensure the feasibility and growth of the Olympic Games. This lecture offers a historical overview of these programmes and considers some challenges for the future in the digital era.</subfield>
   </datafield>
   <datafield tag="653" ind2=" " ind1=" ">
      <subfield code="a">Jocs Olímpics</subfield>
   </datafield>
   <datafield tag="653" ind2=" " ind1=" ">
      <subfield code="a">Juegos Olímpicos</subfield>
   </datafield>
   <datafield tag="653" ind2=" " ind1=" ">
      <subfield code="a">Olympic Games</subfield>
   </datafield>
   <datafield tag="653" ind2=" " ind1=" ">
      <subfield code="a">Marqueting</subfield>
   </datafield>
   <datafield tag="653" ind2=" " ind1=" ">
      <subfield code="a">TOP sponsors</subfield>
   </datafield>
   <datafield tag="653" ind2=" " ind1=" ">
      <subfield code="a">Patrocini</subfield>
   </datafield>
   <datafield tag="653" ind2=" " ind1=" ">
      <subfield code="a">Patrocinio</subfield>
   </datafield>
   <datafield ind2="0" ind1="0" tag="245">
      <subfield code="a">Màrqueting olímpic : una perspectiva històrica</subfield>
   </datafield>
</record></metadata></record></GetRecord></OAI-PMH>